Statistics for Band Members by Instrument - Miscellaneous Rock # 9 Edition

Click here to take the quiz!

General Stats

  • This quiz has been taken 61 times
  • The average score is 7 of 46

Answer Stats

BandInstrument or RoleAnswer% Correct
Huey Lewis and the News (1979-1995)Vocals, HarmonicaHuey Lewis
98%
E, L & P (1970-1979) ("Lucky Man")DrumsCarl Palmer
85%
E, L & P (1970-1979) ("Lucky Man")Vocals, Guitar, BassGreg Lake
83%
E, L & P (1970-1979) ("Lucky Man")KeyboardsKeith Emerson
83%
The J. Geils Band (1968-1983)GuitarJ. Geils
73%
The Pretenders (1978-1986)Vocals, Rhythm GuitarChrissie Hynde
70%
King Crimson (1981-1984)GuitarRobert Fripp
40%
The Bangles (1983-1989)Vocals, Rhythm GuitarSusanna Hoffs
25%
The J. Geils Band (1968-1983)VocalsPeter Wolf
23%
King Crimson (1981-1984)Vocals, GuitarAdrian Belew
20%
King Crimson (1981-1984)DrumsBill Bruford
18%
10,000 Maniacs (1983-1993)VocalsNatalie Merchant
18%
.38 Special (1981-1984)VocalsDonnie Van Zant
15%
Great White (1985-1992)VocalsJack Russell
13%
King Crimson (1981-1984)BassTony Levin
13%
The Bangles (1983-1989)DrumsDebbi Peterson
10%
.38 Special (1981-1984)Vocals, Rhythm GuitarDon Barnes
8%
The Pretenders (1978-1986)Lead GuitarJames Honeyman-Scott / Robbie McIntosh
8%
The Bangles (1983-1989)Lead GuitarVicki Peterson
8%
The J. Geils Band (1968-1983)HarmonicaMagic Dick
5%
The Pretenders (1978-1986)DrumsMartin Chambers
5%
The Bangles (1983-1989)BassMichael Steele
5%
Great White (1985-1992)DrumsAudie Desbrow
3%
Great White (1985-1992)BassLorne Black / Tony Montana
3%
.38 Special (1981-1984)Backing VocalsLu Moss
3%
Great White (1985-1992)Lead GuitarMark Kendall
3%
Huey Lewis and the News (1979-1995)DrumsBill Gibson
0%
.38 Special (1981-1984)Backing VocalsCarol Bristow
0%
Huey Lewis and the News (1979-1995)Lead GuitarChris Hayes
0%
The J. Geils Band (1968-1983)BassDanny Klein
0%
10,000 Maniacs (1983-1993)KeyboardsDennis Drew
0%
.38 Special (1981-1984)DrumsJack Grondin
0%
.38 Special (1981-1984)Lead GuitarJeff Carlisi
0%
10,000 Maniacs (1983-1993)DrumsJerry Augustyniak
0%
10,000 Maniacs (1983-1993)Guitar (1983-1986)John Lombardo
0%
Huey Lewis and the News (1979-1995)Rhythm Guitar, SaxophoneJohnny Colla
0%
.38 Special (1981-1984)BassLarry Junstrom
0%
Huey Lewis and the News (1979-1995)BassMario Cipollina
0%
Great White (1985-1992)Rhythm GuitarMichael Lardie
0%
The Pretenders (1978-1986)BassPete Farndon / Malcolm Foster
0%
10,000 Maniacs (1983-1993)GuitarRob Buck
0%
Huey Lewis and the News (1979-1995)KeyboardsSean Hopper
0%
The J. Geils Band (1968-1983)KeyboardsSeth Justman
0%
The J. Geils Band (1968-1983)DrumsStephen Jo Bladd
0%
.38 Special (1981-1984)DrumsSteve Brookin
0%
10,000 Maniacs (1983-1993)BassSteve Gustafson
0%

Score Distribution

Percentile by Number Answered

Percent of People with Each Score

Your Score History

You have not taken this quiz